[Event "Lake Sevan 2009"]
[Site "Martuni ARM"]
[Date "2009.07.17"]
[Round "8.5"]
[White "Grigoryan, Avetik"]
[Black "Li, Chao"]
[Result "1/2-1/2"]
[WhiteElo "2504"]
[BlackElo "2634"]
[PlyCount "47"]
[EventDate "2009.07.10"]
[EventType "tourn"]
[EventRounds "9"]
[EventCountry "ARM"]
[EventCategory "14"]
[Source "lmi"]
[SourceDate "2009.07.10"]

1. Nf3 Nf6 2. c4 g6 3. Nc3 d5 4. cxd5 Nxd5 5. Qa4+ Nc6 6. Ne5 Qd6 7. Nxc6 Qxc6
8. Qxc6+ bxc6 9. e4 Nb4 10. Kd1 Be6 11. b3 Bg7 12. Bb2 O-O 13. Na4 Bxb2 14.
Nxb2 Nxa2 15. Kc2 Rab8 16. Bc4 Bxc4 17. bxc4 Nb4+ 18. Kc3 c5 19. Rxa7 Rfd8 20.
Ra5 e6 21. Rha1 Nc6 22. Rxc5 Nd4 23. Ra3 Ne2+ 24. Kc2 1/2-1/2

[Event "Lake Sevan 2009"]
[Site "Martuni ARM"]
[Date "2009.07.18"]
[Round "9.1"]
[White "Li, Chao"]
[Black "Pashikian, Arman"]
[Result "0-1"]
[WhiteElo "2634"]
[BlackElo "2650"]
[PlyCount "94"]
[EventDate "2009.07.10"]
[EventType "tourn"]
[EventRounds "9"]
[EventCountry "ARM"]
[EventCategory "14"]
[Source "lmi"]
[SourceDate "2009.07.10"]

1. e4 e5 2. Nf3 Nc6 3. Bb5 a6 4. Ba4 Nf6 5. O-O Be7 6. Bxc6 dxc6 7. d3 Nd7 8.
b3 O-O 9. Bb2 Bd6 10. Nc3 Re8 11. Ne2 Nf8 12. Nd2 Ng6 13. Nc4 Be6 14. Qd2 f6
15. h3 Qd7 16. Qe3 Rad8 17. Rad1 c5 18. Nxd6 cxd6 19. f4 exf4 20. Nxf4 Ne5 21.
c4 Bf7 22. g4 b5 23. Qg3 bxc4 24. bxc4 Rb8 25. Ba1 h6 26. Ng2 Qa4 27. Ne3 Qxa2
28. Nf5 Re6 29. h4 Rbe8 30. Kh1 Bg6 31. Rg1 Qa5 32. Rg2 Qa4 33. Rb1 Qc6 34. Bc3
Bxf5 35. gxf5 R6e7 36. Rbg1 Ra8 37. Qe3 Kh7 38. Rg6 Qc8 39. R6g2 a5 40. Bd2 Qf8
41. Bc3 Rb7 42. Ra1 a4 43. Rga2 Qe8 44. Qg3 Rb3 45. Rg1 Ra7 46. Bxe5 dxe5 47.
Qe3 Qf8 0-1

[Event "Lake Sevan 2009"]
[Site "Martuni ARM"]
[Date "2009.07.18"]
[Round "9.2"]
[White "Lysyj, Igor"]
[Black "Grigoryan, Avetik"]
[Result "0-1"]
[WhiteElo "2617"]
[BlackElo "2504"]
[PlyCount "78"]
[EventDate "2009.07.10"]
[EventType "tourn"]
[EventRounds "9"]
[EventCountry "ARM"]
[EventCategory "14"]
[Source "lmi"]
[SourceDate "2009.07.10"]

1. d4 d5 2. c4 c6 3. Nf3 Nf6 4. e3 e6 5. Nbd2 c5 6. cxd5 exd5 7. b3 Nc6 8. Bb2
cxd4 9. Nxd4 Bd6 10. Nxc6 bxc6 11. Qc2 Bd7 12. Bd3 O-O 13. O-O h6 14. e4 Re8
15. Rfe1 Ng4 16. Nf3 Qb8 17. h3 Ne5 18. Nxe5 Bxe5 19. exd5 cxd5 20. Bxe5 Rxe5
21. Qc5 Be6 22. Rxe5 Qxe5 23. Rd1 a5 24. Bb1 a4 25. Qc6 Qb8 26. bxa4 Qa7 27.
Qc2 g6 28. Qe2 Qxa4 29. Bxg6 Qxa2 30. Qh5 Qa4 31. Rd3 Qf4 32. Rd1 Ra2 33. Rf1
d4 34. Bd3 Rd2 35. Qb5 Kg7 36. Bc4 Qg5 37. Qb3 Bf5 38. Re1 Bg6 39. Rf1 Be4 0-1

[Event "Lake Sevan 2009"]
[Site "Martuni ARM"]
[Date "2009.07.18"]
[Round "9.3"]
[White "Ter Sahakyan, Samvel"]
[Black "Berkes, Ferenc"]
[Result "0-1"]
[WhiteElo "2480"]
[BlackElo "2647"]
[PlyCount "80"]
[EventDate "2009.07.10"]
[EventType "tourn"]
[EventRounds "9"]
[EventCountry "ARM"]
[EventCategory "14"]
[Source "lmi"]
[SourceDate "2009.07.10"]

1. e4 c6 2. Nf3 d5 3. Nc3 Bg4 4. h3 Bxf3 5. gxf3 e6 6. d4 Nd7 7. Be3 Ne7 8. Qd2
Ng6 9. O-O-O Be7 10. Bd3 Nh4 11. Qe2 O-O 12. Rhg1 Kh8 13. f4 f5 14. f3 b5 15.
Qf2 Rf7 16. Ne2 Nb6 17. Kb1 Nc4 18. Bc1 a5 19. Ng3 a4 20. Rde1 a3 21. b3 Bb4
22. Ref1 Nb2 23. Ne2 Be7 24. Qe3 b4 25. Bxb2 axb2 26. Kxb2 c5 27. a4 bxa3+ 28.
Ka2 Qb6 29. c3 Ng6 30. Rb1 cxd4 31. cxd4 Bf8 32. exd5 exd5 33. Nc3 Qd6 34. Rge1
Nxf4 35. Bf1 Re7 36. Qd2 Qb4 37. Rec1 Rc7 38. Ne4 Qxd2+ 39. Nxd2 Rac8 40. Rxc7
Rxc7 0-1